Thea Stilton and the blue scarab (Record no. 514)
[ view plain ]
| 000 -LEADER | |
|---|---|
| fixed length control field | 01041nam a22002417a 4500 |
| 005 - DATE AND TIME OF LATEST TRANSACTION | |
| control field | 20260311095552.0 |
| 020 ## - INTERNATIONAL STANDARD BOOK NUMBER | |
| International Standard Book Number | 9780545341042 |
| 040 ## - CATALOGING SOURCE | |
| Original cataloging agency | FISKH |
| Language of cataloging | eng |
| Transcribing agency | FISKH |
| Modifying agency | FISKH |
| 050 ## - LIBRARY OF CONGRESS CALL NUMBER | |
| Classification number | PZ7 |
| 082 ## - DEWEY DECIMAL CLASSIFICATION NUMBER | |
| Classification number | 813.6 |
| 100 ## - MAIN ENTRY--PERSONAL NAME | |
| Personal name | Dami, Elisabetta |
| Dates associated with a name | 1958- |
| 245 ## - TITLE STATEMENT | |
| Title | Thea Stilton and the blue scarab |
| 250 ## - EDITION STATEMENT | |
| Edition statement | First Printing, June 2012. |
| 260 ## - PUBLICATION, DISTRIBUTION, ETC. | |
| Place of publication, distribution, etc. | New York. |
| Name of publisher, distributor, etc. | Scholastic. |
| Date of publication, distribution, etc. | 2012 |
| 300 ## - PHYSICAL DESCRIPTION | |
| Extent | 159 pages : |
| Dimensions | 20 cm. |
| 490 ## - SERIES STATEMENT | |
| Series statement | Geronimo Stilton |
| 505 ## - FORMATTED CONTENTS NOTE | |
| Formatted contents note | M |
| 520 ## - SUMMARY, ETC. | |
| Summary, etc. | Geronimo's sister Thea Stilton narrates this action-packed adventure!The Thea Sisters have been invited to Egypt to participate in a fabumouse archeological excavation. They are helping to look for the legendary ancient Treasure of the Sun! A precious blue stone scarab may be the key to their search, and they work enthusiastically to uncover the past. But they also discover that thieves are after the hidden treasure. It's up to the Thea Sisters to stop them! |
| 521 ## - TARGET AUDIENCE NOTE | |
| Target audience note | 720 <br/> |
| Source | Lexile |
| 521 ## - TARGET AUDIENCE NOTE | |
| Target audience note | M <br/> |
| Source | Raz-Plus |
| 942 ## - ADDED ENTRY ELEMENTS (KOHA) | |
| Source of classification or shelving scheme | Dewey Decimal Classification |
| Koha item type | Books |
| Suppress in OPAC | No |
| 999 ## - | |
| -- | 514 |
| -- | 514 |
| Withdrawn status | Lost status | Source of classification or shelving scheme | Damaged status | Not for loan | Collection | Home library | Current library | Shelving location | Date acquired | Total Checkouts | Full call number | Barcode | Date last seen | Date last checked out | Price effective from | Koha item type | Copy number |
|---|---|---|---|---|---|---|---|---|---|---|---|---|---|---|---|---|---|
| Long Overdue (Lost) | Dewey Decimal Classification | Juvenile Fiction | Footprints International School Library Network Toul Kork Campus | Footprints International School Library Network Toul Kork Campus | TK Primary Library Room(4th Floor), Bookcase 5&6, Shelves 33-56, Orange Books | 05/16/2023 | 1 | DAM 813.6 PZ7 | FISTK04641 | 08/09/2023 | 08/09/2023 | 05/16/2023 | Books | ||||
| Dewey Decimal Classification | Juvenile Fiction | Footprints International School Library Network Toul Kork Campus | Footprints International School Library Network Toul Kork Campus | 05/16/2023 | DAM 813.6 PZ7 | 2024-1936 | 09/12/2024 | 05/16/2023 | Books | 2 | |||||||
| Dewey Decimal Classification | Juvenile Fiction | Footprints International School Library Network Toul Tom Poung Campus | Footprints International School Library Network Toul Tom Poung Campus | TTP Primary Orange Bookshelves | 09/13/2024 | 3 | DAM 813.6 PZ7 | 2024-1942 | 03/11/2026 | 01/21/2026 | 09/13/2024 | Books | 3 |
